| 000 | 00758nam a2200241Ia 4500 | ||
|---|---|---|---|
| 003 | GCL | ||
| 008 | 140319s9999 xx 000 0 ara d | ||
| 020 | _a8030011977 | ||
| 040 |
_aGCL / _cGCL |
||
| 082 | 0 | 4 |
_a001.554 _bم ا |
| 100 | 1 | _aماجى الحلوانى | |
| 245 | 1 | 0 |
_aالانظمة الاذاعية فى الدول العربية / _cماجى الحلوانى |
| 700 | 1 | _aعاطف العبد | |
| 260 |
_aالقاهرة : _bدار الفكر العربى ، _c1987 |
||
| 300 |
_a639 ص: _bايض ؛ _c24 سم |
||
| 490 | _a | ||
| 650 | 0 | 4 | _aالراديو |
| 650 | 0 | 4 | _aالتليفزيون |
| 650 | 0 | 4 | _aالاذاعة |
| 650 | 0 | 4 | _aالارسال والاستقبال |
| 650 | 0 | 4 | _aالدعاية الاذاعية |
| 942 |
_2ddc _cBK |
||
| 999 |
_c32980 _d32980 |
||